Normal view MARC view
  • Kalyoncu, Ali Fuat.

Entry Personal Name

Number of records used in: 1

001 - CONTROL NUMBER

  • control field: 152708

003 - CONTROL NUMBER IDENTIFIER

  • control field: TR-AnTOB

005 - DATE AND TIME OF LATEST TRANSACTION

  • control field: 20260224094629.0

008 - FIXED-LENGTH DATA ELEMENTS

  • fixed length control field: 151115|| aca||aabn | a|a d

040 ## - CATALOGING SOURCE

  • Original cataloging agency: SULEY
  • Language of cataloging: tur
  • Transcribing agency: SULEY
  • Description conventions: rda

100 1# - HEADING--PERSONAL NAME

  • Personal name: Kalyoncu, Ali Fuat.

370 ## - ASSOCIATED PLACE

  • Associated country: Turkey

373 ## - ASSOCIATED GROUP

  • Associated group: HACETTEPE ÜNİVERSİTESİ TIP FAKÜLTESİ DAHİLİ TIP BİLİMLERİ BÖLÜMÜ GÖĞÜS HASTALIKLARI ANABİLİM DALI

375 ## - GENDER

  • Gender: Males

377 ## - ASSOCIATED LANGUAGE

  • Language code: tur

400 1# - SEE FROM TRACING--PERSONAL NAME

  • Personal name: Kalyoncu, A. Fuat

400 1# - SEE FROM TRACING--PERSONAL NAME

  • Personal name: Kalyoncu, Ali Fuad

510 2# - SEE ALSO FROM TRACING--CORPORATE NAME

  • Control subfield: r
  • Relationship information: Employer:
  • Corporate name or jurisdiction name as entry element: Hacettepe Üniversitesi

670 ## - SOURCE DATA FOUND

  • Source citation: Türkiye'de astım epidemiyolojisi : ulusal veriler ve risk faktörleri, 2010:
  • Information found: t.p. (Prof. Dr. A. Fuat Kalyoncu, Hacettepe Ü. Tıp Fak. Gögüs Hastalıkları ABD Erişkin Allerji Ünitesi)
Devinim Yazılım Eğitim Danışmanlık tarafından Koha'nın orjinal sürümü uyarlanarak geliştirilip kurulmuştur.